000 01226nam a22002537a 4500
003 NALT
005 20251125233002.0
008 s2548 th tha d
020 _a9749871690
040 _aNALT
041 _atha
090 _aKE 149
_bค123ค 2548
110 2 _aสำนักงานคณะกรรมการพัฒนาระบบราชการ
_922326
245 1 0 _aความรู้เกี่ยวกับองค์การมหาชน /
_cสำนักงานคณะกรรมการพัฒนาระบบราชการ.
250 _aพิมพ์ครั้งที่ 1.
260 _aกรุงเทพฯ :
_bสำนักงานคณะกรรมการพัฒนาระบบราชการ,
_c2548.
300 _a528 หน้า ;
_c26 ซม .
500 _aหนังสือที่น่าสนใจสำหรับสมาชิกรัฐสภา
650 4 _aองค์การมหาชน
_963847
850 _aNALT
856 4 0 _uhttps://hdl.handle.net/20.500.14156/301220
942 _cLB
_2local
999 _c47729
_d47729
998 _j111
_k นางสาวพจพิณ พรมเอี่ยม